000 00566nam a2200181Ia 4500
008 100920s9999 xx 000 0 und d
082 _b8988
_a891.43 0
100 _aगुरूदत्त.
245 _aप्रवंचना.
260 _bराजपाल एण्ड सन्स ,कश्मीरी गेट, दिल्ली.
_c0
300 _a296
_bसाधी
365 _b5
520 _aहिंदी.
630 _aप्रवंचना.
650 _aहिंदी.
730 _aप्रवंचना.
942 _cBOOK
999 _c676132
_d676129